00709pam a22002171a 4500999001500000001000500015003000900020005001700029008004100046020001500087040002300102082001600125245005100141260006700192300004600259500002000305650001800325700002200343942001200365952011400377 c2278d22787155BD-DhUAP20210128140834.0200222s20021995nju b 001 0 eng  a1861990723 aDLCcDLCdBD-DhUAP00a709 HIS22302aA History of art /cedited by Lawrence Gowing. aEnglewood Cliffs, N.J. :bAndreomeda,cc1995 [Reprinted 2002]. axv, 992 pages :billustratiions ;c29 cm. aIncludes index. 0aArtxHistory.1 aGowing, Lawrence. 2ddccBK 00102ddc4070aUAPCLbUAPCLcGeneral Stacksd2020-02-22o709 HISp3010007155r2020-02-22t1w2020-02-22yBK